00420nam a2200157Ia 45000010006000000050017000060080041000230410008000640820015000721000052000872450070001392600009002093000028002186500008002466540008002542445420260414151044.0260414t2014||||xx |||||||||||||| ||spa|| aESP a345.7bQ62 aQuintanilla y Paz-Soldán, Fernando Juan,eAUT 0aPara dominar el código procesal civil :breguntas y respuestas c2014 a515 páginas :c21 cm. aDER aCDE